Best Mechanical Engineering Universities - Statistics

General Stats
  • This quiz has been taken 76 times
  • The average score is 10 of 50
Answer Stats
Ranking City, Country University % Correct
1 Cambridge, USA Massachusetts Institute of Technology (MIT)
88%
2 Stanford, USA Stanford University
85%
4 Cambridge, The UK University of Cambridge
75%
9 Oxford, The UK University of Oxford
71%
13 Cambridge, USA Harvard University
69%
6 Berkeley, USA University of California, Berkeley (UCB)
57%
17 Pasadena, USA California Institute of Technology (CALTECH)
46%
41 Princeton, USA Princeton University
46%
14 Atlanta, USA Georgia Institute of Technology
40%
36 Los Angeles, USA University of California, Los Angeles (UCLA)
35%
3 Delft, Netherlands Delft University of Technology
32%
15 West Lafayette, USA Purdue University
28%
21 Manchester, The UK The University of Manchester
25%
22 Tokyo, Japan The University of Tokyo
24%
38 Toronto, Canada University of Toronto (UofT)
22%
5 Zurich, Switzerland Eidgenossische Technische Hochschule Zurich (ETH Zurich)
21%
30 College Station, USA Texas A&M University
21%
44 Evanston, USA Northwestern University
18%
27 Seoul, South Korea Seoul National University
17%
48 Bristol, The UK University of Bristol
17%
42 Montreal, Canada McGill University
15%
32 University Park, USA Pennsylvania State University (Penn State)
13%
20 Munich, Germany Technical University of Munich
11%
18 Beijing, China Tsinghua University
10%
12 Ann Arbor, USA University of Michigan-Ann Arbor
10%
10 Singapore, Singapore National University of Singapore (NUS)
8%
34 Beijing, China Peking University
8%
43 Stuttgart, Germany Universitat Stuttgart
8%
33 Austin, USA University of Texas at Austin (UT Austin)
8%
16 Lausanne, Switzerland Ecole Polytechnique Federale de Lausanne (EPFL)
7%
8 London, The UK Imperial College London
7%
30 Champaign, USA University of Illinois at Urbana-Champaign
7%
23 Stockholm, Sweden Kungliga Tekniska Hogskolan Royal Institute of Technology (KTH Royal Institute of Technology)
6%
40 Berlin, Germany Technische Universitat Berlin (TU Berlin)
6%
39 Eindhoven, Netherlands Eindhoven University of Technology
4%
35 Karlsruhe, Germany Karlsruhe Institute of Technology (KIT)
4%
11 Singapore, Singapore Nanyang Technological University, Singapore (NTU Singapore)
4%
7 Milan, Italy Politecnico di Milano
4%
26 Turin, Italy Politecnico di Torino
4%
19 Aachen, Germany Rheinisch-Westfalische Technische Hochschule Aachen University (RWTH Aachen)
4%
28 Bedford, The UK Cranfield University
3%
37 Kongens Lyngby, Denmark Technical University of Denmark
3%
45 Palaiseau Cedex, France Institut Polytechnique de Paris
1%
29 Leuven, Belgium Katholieke Universiteit Leuven (KU Leuven)
1%
24 Daejeon, South Korea Korea Advanced Institute of Science and Technology (KAIST)
1%
46 Pohang, South Korea Pohang University of Science and Technology (POSTECH)
1%
25 Shanghai, China Shanghai Jiao Tong University
1%
47 Hong Kong, Hong Kong SAR The Hong Kong University of Science and Technology
1%
49 Sydney, Australia The University of New South Wales (UNSW Sydney)
1%
50 Hangzhou, China Zhejiang University
1%
No matching quizzes found
Score Distribution
Percent of People with Each Score
Percentile by Number Answered
Your Score History
You have not taken this quiz